000 00339 a2200109 4500
001 ART_17302
005 20260410161923.0
008 260409a
245 1 0 _aConstant-utility index numbers of real wages
100 1 _aPencavel, John H.
773 0 _tThe American Economic Review
_g- Vol. 69, NÂș 1 (mar. 1979)
_wREV16190
999 _c27853
_d27853